000 00482nam a2200145 i 4500
001 bg
100 1 _aRYGOL, J.
245 0 _aStructural analysis by direct moment distribution. Vol.1,Prismatic members :
_bwith interim notes on non-prismatic members and Supplement containing aids to analysis /
_cJ. Rygol.
260 _aLondon :
_bCrocby Lockwood,
_c1968.
040 _cBPK
041 _apol
080 _a539.3/.6:621.01
942 _cKS
008 s pl f |000 0 pol
999 _c8114
_d8114
856 _uhttp://koha.tu.koszalin.pl/cgi-bin/koha/opac-detail.pl?biblionumber=8114
_yKatalog online BPK